| 000 | 00754nam a22001697a 4500 | ||
|---|---|---|---|
| 003 | OSt | ||
| 005 | 20250811103309.0 | ||
| 008 | 250811b |||||||| |||| 00| 0 eng d | ||
| 040 | _cDCL | ||
| 082 | _a၂၉၄.၃၄၂ | ||
| 100 |
_aမင်းနန်၊ _c(မော်ကျွန်း)။ |
||
| 245 | 1 | 0 |
_aဆရာတော်ကြီးများ၏ သြဝါဒတော်များပေါင်းချုပ်/ _cမင်းနန် (မော်ကျွန်း)။ |
| 264 |
_aရန်ကုန်၊ _bယုံကြည်ချက်စာပေ။ _c၂၀၀၉။ |
||
| 300 | _a၆၄၆ စာမျက်နှာ။ | ||
| 650 | _a အထွေထွေဗဟုသုတ။ | ||
| 942 |
_2ddc _cBOM _n0 |
||
| 999 |
_c1839 _d1839 |
||